Design and development of medical electronic instrumentation (Registro nro. 312244)

Detalles MARC
000 -ENCABEZADO
Número de control [NR] 01103cam a2200289 a 4500
005 - FECHA Y HORA DE LA ÚLTIMA TRANSACCIÓN
control field 20190610090417.0
008 - DE LONGITUD FIJA DE DATOS DE ELEMENTOS - INFORMACIÓN GENERAL
Elementos de longitud fija [NR] 190610r2005 njuad r 001 0ceng d
010 ## - NUMERO DE CONTROL DE LA BIBLIOTECA DEL CONGRESO (LC) [NR]
Número de control LC [NR] 2004040853
015 ## - NUMERO DE BIBLIOGRAFIA NACIONAL [R]
Número de bibliografía nacional [R] NNN
020 ## - NUMERO INTERNACIONAL NORMALIZADO PARA LIBROS [R]
Número Internacional Normalizado del libro [NR] 0471676233
020 ## - NUMERO INTERNACIONAL NORMALIZADO PARA LIBROS [R]
Número Internacional Normalizado del libro [NR] 9780471676232
040 ## - FUENTE DE CATALOGACION [NR]
Agencia de catalogación original [NR] CO-BoUCM
Quien Cataloga Saul Niño
Quien Clasifica Saul Niño
041 0# - CODIGO DE IDIOMA [R]
Código de idioma para texto/pista de sonido o título separado [R] Inglés
060 ## - SIGNATURA TOPOGRAFICA DE LA BIBLIOTECA NACIONAL DE MEDICINA (NLM) [R]
Número clasificador [R] QT 36.2
100 1# - ASIENTO PRINCIPAL--NOMBRE PERSONAL [NR]
Nombre personal [NR] Prutchi, David
ID Autoridad 96995
245 10 - MENCION DE TITULO [NR]
Título [NR] Design and development of medical electronic instrumentation
Parte restante del título [NR] a practical perspective of the design, construction, and test of medical devices
Mención de responsabilidad, etc. [NR] David Prutchi and Michael Norris
260 ## - PUBLICACION, DISTRIBUCION, ETC. (PIE DE IMPRENTA) [R]
Lugar de publicación, distribución, etc. [R] Hoboken, New Jersey
Nombre del editor, distribuidor, etc. [R] Wiley-Interscience
-- John Wiley & Sons
Fecha de publicación, distribución, etc. [R] 2005
300 ## - DESCRIPCION FISICA [R]
Extensión [R] xv, 461 páginas
Otros detalles físicos [NR] ilustraciones, diagramas, gráficas y tablas
546 ## - NOTA DE IDIOMA [R]
Nota de idioma [NR] Texto en inglés
650 #7 - ASIENTO SECUNDARIO DE MATERIA - TERMINO TEMATICO [R]
Término temático o nombre geográfico como elemento de entrada [NR] Electrónica médica
9 (RLIN) 13981
650 #7 - ASIENTO SECUNDARIO DE MATERIA - TERMINO TEMATICO [R]
Término temático o nombre geográfico como elemento de entrada [NR] Ingeniería biomédica
9 (RLIN) 17611
650 #7 - ASIENTO SECUNDARIO DE MATERIA - TERMINO TEMATICO [R]
Término temático o nombre geográfico como elemento de entrada [NR] Industria de equipos para diagnóstico
9 (RLIN) 17393
650 #7 - ASIENTO SECUNDARIO DE MATERIA - TERMINO TEMATICO [R]
Término temático o nombre geográfico como elemento de entrada [NR] Medicina
9 (RLIN) 7820
Subdivisión de forma [R] Aparatos e instrumentos
700 1# - ASIENTO SECUNDARIO - NOMBRE PERSONAL [R]
Nombre personal [NR] Norris, Michael
9 (RLIN) 96996
942 ## - ELEMENTOS DE ENTRADA AGREGADOS (KOHA)
Sistema de clasificación NLM
Tema principal Medicina
Tipo de ítem principal el descrito en 300a Libro de reserva
Edición 1
Clasificación QT 36.2
Parte restante de la signatura top. P972d
Existencias
Fecha de último préstamo Total préstamos Total Renewals Signatura topográfica Código de barras Última vez visto Ejemplar Costo de reposición Price effective from Tipo de ítem Perdido Sistema de clasificación Dañado No prestable Tipo de ítem específico Suprimido Ubicación habitual Ubicación actual Localización Fecha de creación Proveedor Forma de adquisición Costo
11/01/2020 3 1 QT 36.2 P972d 100161364 11/12/2025 Ej.2 459900.00 07/06/2019 Libro   NLM     Libro   Quinta de Mutis Quinta de Mutis 1er piso 07/06/2019 37 Compra 459900.00
      QT 36.2 P972d 100161363 11/12/2025 Ej.1 459900.00 07/06/2019 Libro   NLM     Libro   Quinta de Mutis Quinta de Mutis 1er piso 07/06/2019 37 Compra 459900.00